Schaum's outline of theory and problems of electronic communication (Record no. 125)

MARC details
000 -LEADER
fixed length control field 00761nac a22001931u 4500
020 ## - INTERNATIONAL STANDARD BOOK NUMBER
International Standard Book Number 0070634963
082 ## - DEWEY DECIMAL CLASSIFICATION NUMBER
Classification number 621.382
Item number T279
090 ## - LOCALLY ASSIGNED LC-TYPE CALL NUMBER (OCLC); LOCAL CALL NUMBER (OCLC)
-- 125
-- 125
100 ## - MAIN ENTRY--PERSONAL NAME
Personal name Temes, Lloyd
245 ## - TITLE STATEMENT
Title Schaum's outline of theory and problems of electronic communication
250 ## - EDITION STATEMENT
Edition statement 2nd ed.
260 ## - PUBLICATION, DISTRIBUTION, ETC. (IMPRINT)
Place of publication, distribution, etc New Delhi
Name of publisher, distributor, etc Tata McGraw-Hill
Date of publication, distribution, etc 2004
440 ## -
-- Schaum's outline
650 ## - SUBJECT ADDED ENTRY--TOPICAL TERM
Topical term or geographic name as entry element Telecommunication
650 ## - SUBJECT ADDED ENTRY--TOPICAL TERM
Topical term or geographic name as entry element Electronics
942 ## - ADDED ENTRY ELEMENTS (KOHA)
Item type Book - Borrowing
Call number prefix 621.382T279
Holdings
Withdrawn status Item status Damaged status Not for loan Home library Current library Shelving location Date acquired Source of acquisition Total Checkouts Full call number Barcode Date last seen Cost, replacement price Koha item type
        Central Library Central Library First floor 06/01/2017 Purchase   621.382 TEM 000004642 15/07/2025 120.00 Book - Borrowing
        Central Library Central Library First floor 18/01/2006 Purchase 1 621.382 TEM 000004639 15/07/2025 120.00 Book - Borrowing